NUPPU JASMIINI – Bytový dom, Polyfunkčný areál Bergamon, Bratislava

Guardado en:
Detalles Bibliográficos
Autor principal: Tarabová, Zuzana (Autor)
Otros Autores: Makýš, Peter (Orientador)
Formato: Manuscrito Libro
Lenguaje:eslovaco
Publicado: 2019
Materias:
Acceso en línea:http://is.stuba.sk/zp/portal_zp.pl?podrobnosti=145226
https://opac.crzp.sk/?fn=detailBiblioForm&sid=3BEC39B52C756B70CD0418A5CC71
Etiquetas: Agregar Etiqueta
Sin Etiquetas, Sea el primero en etiquetar este registro!

MARC

LEADER 00000ntm a22000003a 4500
001 stuzp73841
003 SK-STU
005 20230609135756.5
007 ta
008 150427s2015----xo-----f-mn---000-0-slo-d
040 |a STU  |b slo 
041 0 |a slo 
100 1 |a Tarabová, Zuzana  |u 010270  |k Z4  |4 aut  |U SvF Stavebná fakulta  |T SvF Katedra technológie stavieb  |X 74811  |U V270  |Y 28  |7 74811 
242 0 1 |a NUPPU JASMINI - Residential building, Polyfunctional complex Bergamon, Bratislava  |y eng 
245 1 0 |a NUPPU JASMIINI – Bytový dom, Polyfunkčný areál Bergamon, Bratislava 
260 |c 2019 
650 4 |a Bytový dom  |2 slo 
650 4 |a harmonogram  |2 slo 
650 4 |a praca  |2 slo 
650 4 |a Residential building  |2 eng 
650 4 |a schedule  |2 eng 
650 4 |a jet grpoutnig  |2 eng 
700 1 |a Makýš, Peter  |u 010270  |k Z1  |4 ths  |U SvF Stavebná fakulta  |T SvF Katedra technológie stavieb  |X 2751  |U V270  |Y 28  |7 A000002751 
856 4 |u http://is.stuba.sk/zp/portal_zp.pl?podrobnosti=145226 
856 4 |u https://opac.crzp.sk/?fn=detailBiblioForm&sid=3BEC39B52C756B70CD0418A5CC71